000 00640nam a2200277Ia 4500
005 20260324142944.0
008 008 260324s9999 xx 000 0 eng d
020 _a9780203419632
037 _aEBOOK
040 _aCRL
040 _beng
040 _cCRL
041 _2eng
041 _aeng
084 _qCRL
100 _aPeter Scrimshaw
_91213855
245 0 _aLanguage, Classrooms and Computers
260 _bTaylor and Francis
260 _c1993
365 _a
365 _b87.99
856 _uhttp://www.taylorfrancis.com/books/9780203419632
942 _cEBOOK
999 _c1818669
_d1818669